Traditional cartography in Arctic and Subarctic Eurasia

Bibliographic Details
Published in:The history of cartography, J.B. Harley and David Woodward, Chicago [etc.], p. 329-352 (3)
Main Author: Okladnikova, Elena
Content type: Article
Published: 1998
Source:MPIPL_cat

MARC

LEADER 00000naa a2200000 u 4500
001 PL0086649
003 PLI01000000000000000084359
005 00000000000000.0
008 ||| u
100 1 |a Okladnikova, Elena 
245 0 0 |a Traditional cartography in Arctic and Subarctic Eurasia  |c Elena Okladnikova 
260 |c 1998 
773 0 8 |t The history of cartography  |a J.B. Harley and David Woodward  |k 3  |d Chicago [etc.]  |g p. 329-352  |w MPIPL_cat.PL0086269  |z 0-226-90728-7  |i In: 
952 |h p. 329-352 
996 |a Aufsatz 
997 |a book chapter